Normal view
MARC view
Entry Personal Name
001 - CONTROL NUMBER
- control field: 25298
003 - CONTROL NUMBER IDENTIFIER
- control field: dpl
005 - DATE AND TIME OF LATEST TRANSACTION
- control field: 20110111164440.0
008 - FIXED-LENGTH DATA ELEMENTS
- fixed length control field: 110111|||a|||||| | ||| d
040 ## - CATALOGING SOURCE
- Original cataloging agency: dpl
- Transcribing agency: dpl
100 ## - HEADING--PERSONAL NAME
- Personal name: राव, सी. के. नागराज
670 ## - SOURCE DATA FOUND
- Source citation: Work cat.: (dpl)49090: राव, सी. के. नागराज, पट्टमहादेवी शान्तला /, 2006
670 ## - SOURCE DATA FOUND
- Source citation: Work cat.: (dpl)49090: राव, सी. के. नागराज, पट्टमहादेवी शान्तला /, 2006
